Préfectures et sous-préfectures du Centre-Val de Loire - Statistiques

Statistiques générales
  • Ce quiz a été pris 234 fois
  • Le résultat moyen est 13 sur 20
Statistiques - réponses
Département Ville % Correct
Indre-et-Loire - Préfecture Tours
99%
Loiret - Préfecture Orléans
98%
Cher - Préfecture Bourges
96%
Loir-et-Cher - Préfecture Blois
94%
Eure-et-Loir - Préfecture Chartres
94%
Indre - Préfecture Châteauroux
93%
Eure-et-Loir Dreux
69%
Cher Vierzon
69%
Loiret Montargis
65%
Indre-et-Loire Chinon
58%
Indre Issoudun
54%
Loiret Pithiviers
50%
Loir-et-Cher Vendôme
50%
Indre-et-Loire Loches
49%
Eure-et-Loir Nogent-le-Rotrou
47%
Loir-et-Cher Romorantin-Lanthenay
43%
Eure-et-Loir Châteaudun
42%
Indre Le Blanc
42%
Indre La Châtre
35%
Cher Saint-Amand-Montrond
27%
Aucun quiz correspondant
Distribution des résultats
% des personnes avec chaque résultat
Percentile par nombre de réponses
Votre historique - résultats
Vous n’avez pas pris ce quiz